| 000 | 00594nam a2200181 a 4500 | ||
|---|---|---|---|
| 001 | 3034 | ||
| 005 | 20140414131910.0 | ||
| 008 | 060131s19uu xx 00 eng d | ||
| 020 | _a0-439-46641-5 | ||
| 050 |
_aER _bB85 2003 |
||
| 100 | _aBennett, Elizabeth | ||
| 245 |
_aBug bunch, The : the new bug / _cby Elizabeth Bennett ; illustrated by Jeffrey Scherer. |
||
| 260 |
_aNew York : _bScholastic, _c2003. |
||
| 300 | _a32 p. : ill. ; cm. | ||
| 500 | _aContents: School Bell--The New Bug--Skatedboards--Shop Talk--Old Friend--Welcome Back. | ||
| 650 | _aChildren stories. | ||
| 999 |
_c111172 _d111172 |
||